MARC details
| 000 -LEADER |
| fixed length control field |
02337cam a2200505 i 4500 |
| 001 - CONTROL NUMBER |
| control field |
data |
| 005 - DATE AND TIME OF LATEST TRANSACTION |
| control field |
20260322212106.0 |
| 008 - FIXED-LENGTH DATA ELEMENTS--GENERAL INFORMATION |
| fixed length control field |
data |
| 035 ## - SYSTEM CONTROL NUMBER |
| System control number |
21104953 |
| 010 ## - LIBRARY OF CONGRESS CONTROL NUMBER |
| LC control number |
2019435627 |
| 015 ## - NATIONAL BIBLIOGRAPHY NUMBER |
| National bibliography number |
GBB8H1312 |
| Source |
bnb |
| 020 ## - INTERNATIONAL STANDARD BOOK NUMBER |
| International Standard Book Number |
9783406702778 |
| 020 ## - INTERNATIONAL STANDARD BOOK NUMBER |
| International Standard Book Number |
3406702775 |
| 020 ## - INTERNATIONAL STANDARD BOOK NUMBER |
| International Standard Book Number |
9781509919437 |
| Qualifying information |
(Hart) |
| 020 ## - INTERNATIONAL STANDARD BOOK NUMBER |
| International Standard Book Number |
1509919430 |
| Qualifying information |
(Hart) |
| 020 ## - INTERNATIONAL STANDARD BOOK NUMBER |
| International Standard Book Number |
9783848738038 |
| Qualifying information |
(Nomos) |
| 020 ## - INTERNATIONAL STANDARD BOOK NUMBER |
| International Standard Book Number |
3848738031 |
| Qualifying information |
(Nomos) |
| 035 ## - SYSTEM CONTROL NUMBER |
| System control number |
(OCoLC)1002692383 |
| 040 ## - CATALOGING SOURCE |
| Original cataloging agency |
HVL |
| Language of cataloging |
eng |
| Transcribing agency |
HVL |
| Description conventions |
rda |
| Modifying agency |
DLC |
| -- |
QGE |
| -- |
ZCL |
| -- |
LSD |
| -- |
OCLCF |
| -- |
OCLCQ |
| -- |
NLGGC |
| -- |
L2U |
| -- |
OCLCQ |
| -- |
PLL |
| -- |
OCLCQ |
| -- |
BDX |
| -- |
UKMGB |
| -- |
HUELT |
| -- |
DCT |
| -- |
OCLCQ |
| -- |
DLC |
| 041 1# - LANGUAGE CODE |
| Language code of text/sound track or separate title |
eng |
| Language code of original |
ger |
| 042 ## - AUTHENTICATION CODE |
| Authentication code |
lccopycat |
| 050 00 - LIBRARY OF CONGRESS CALL NUMBER |
| Classification number |
K5015.4 |
| Item number |
.E78 2017 |
| 082 00 - DEWEY DECIMAL CLASSIFICATION NUMBER |
| Classification number |
345 |
| Edition information |
23 |
| 100 1# - MAIN ENTRY--PERSONAL NAME |
| Personal name |
Eser, Albin, |
| Relator term |
author. |
| 245 10 - TITLE STATEMENT |
| Title |
Comparative criminal law : |
| Remainder of title |
development, aims, methods / |
| Statement of responsibility, etc. |
by Albin Eser, Professor, Dr. iur. Dr. h.c. mult., M.C.J. (NYU), Director emeritus, Max Planck Institute for Foreign and International Criminal Law, Freiburg/Germany ; translated from the German by Brigitte Heilmann. |
| 264 #1 - PRODUCTION, PUBLICATION, DISTRIBUTION, MANUFACTURE, AND COPYRIGHT NOTICE |
| Place of production, publication, distribution, manufacture |
Baden-Baden, Germany : |
| Name of producer, publisher, distributor, manufacturer |
Nomos, |
| Place of production, publication, distribution, manufacture |
Oxford, United Kingdom : |
| Name of producer, publisher, distributor, manufacturer |
Hart ; |
| Place of production, publication, distribution, manufacture |
Baden-Baden, Germany : |
| Name of producer, publisher, distributor, manufacturer |
Nomos, |
| Date of production, publication, distribution, manufacture, or copyright notice |
2017. |
| 300 ## - PHYSICAL DESCRIPTION |
| Extent |
xviii, 188 pages ; |
| Dimensions |
25 cm |
| 336 ## - CONTENT TYPE |
| Content type term |
text |
| Content type code |
txt |
| Source |
rdacontent |
| 337 ## - MEDIA TYPE |
| Media type term |
unmediated |
| Media type code |
n |
| Source |
rdamedia |
| 338 ## - CARRIER TYPE |
| Carrier type term |
volume |
| Carrier type code |
nc |
| Source |
rdacarrier |
| 500 ## - GENERAL NOTE |
| General note |
Result of a comparative research project of the Max Planck Institute for Foreign and International Criminal Law. |
| 500 ## - GENERAL NOTE |
| General note |
Updated translation of part 4 of: Strukturvergleich strafrechtlicher Verantwortlichkeit und Sanktionierung in Europa. c2015. |
| 504 ## - BIBLIOGRAPHY, ETC. NOTE |
| Bibliography, etc. note |
Includes bibliographical references (pages 159-177) and index. |
| 650 #0 - SUBJECT ADDED ENTRY--TOPICAL TERM |
| Topical term or geographic name entry element |
Criminal law. |
| 650 #7 - SUBJECT ADDED ENTRY--TOPICAL TERM |
| Topical term or geographic name entry element |
Criminal law. |
| Source of heading or term |
fast |
| Authority record control number or standard number |
(OCoLC)fst00883328 |
| 700 1# - ADDED ENTRY--PERSONAL NAME |
| Personal name |
Heilmann, Brigitte, |
| Relator term |
translator. |
| 710 2# - ADDED ENTRY--CORPORATE NAME |
| Corporate name or jurisdiction name as entry element |
Max-Planck-Institut für Ausländisches und Internationales Strafrecht. |
| 730 0# - ADDED ENTRY--UNIFORM TITLE |
| Uniform title |
Strukturvergleich strafrechtlicher Verantwortlichkeit und Sanktionierung in Europa. |
| Form subheading |
Selections. |
| Language of a work |
English. |
| 906 ## - LOCAL DATA ELEMENT F, LDF (RLIN) |
| a |
7 |
| b |
cbc |
| c |
copycat |
| d |
3 |
| e |
ncip |
| f |
20 |
| g |
y-gencatlg |
| 925 0# - |
| -- |
acquire |
| -- |
1 shelf copy |
| -- |
policy default |
| 955 ## - COPY-LEVEL INFORMATION (RLIN) |
| -- |
fd07 2019-10-16 to LL |
| 923 ## - |
| -- |
20190723 |
| -- |
0205939 |
| -- |
GyWOH |
| 985 ## - |
| -- |
BibframePilot2 |
| -- |
20191016 |
| 985 ## - |
| -- |
VENDOR LOAD |